[Event "Florence op 6th"]
[Site "Florence"]
[Date "2012.11.04"]
[Round "7"]
[White "Petri, Petrag"]
[Black "Malescusi, Dea Nataraj"]
[Result "1/2-1/2"]
[WhiteElo "1588"]
[BlackElo "1669"]
[PlyCount "48"]
[EventDate "2012.11.01"]
[EventType "swiss"]
[EventRounds "7"]
[EventCountry "ITA"]
[SourceTitle "EXT 2014"]
[Source "ChessBase"]
[SourceDate "2013.11.20"]
[SourceVersion "1"]
[SourceVersionDate "2013.11.20"]
[SourceQuality "1"]

1. d4 Nf6 2. Nf3 g6 3. Bf4 Bg7 4. c3 0-0 5. Nbd2 d6 6. e3 c5 7. Bd3 Nc6 8. Qc2 Bd7 9. Bg5 cxd4 10. exd4 Rc8 11. a3 a6 12. h4 Qe8 13. Bxf6 Bxf6 14. h5 Nxd4 15. Nxd4 Bxd4 16. hxg6 hxg6 17. 0-0-0 Kg7 18. Nf3 Ba4 19. Qd2 Ba7 20. Qh6+ Kf6 21. Rde1 e5 22. Qg5+ Kg7 23. Qh6+ Kf6 24. Rh5 Qd7 1/2-1/2

[Event "Florence op 6th"]
[Site "Florence"]
[Date "2012.11.03"]
[Round "4"]
[White "La Cognata, Lorenzo"]
[Black "Petri, Petrag"]
[Result "0-1"]
[WhiteElo "1674"]
[BlackElo "1588"]
[PlyCount "186"]
[EventDate "2012.11.01"]
[EventType "swiss"]
[EventRounds "7"]
[EventCountry "ITA"]
[SourceTitle "EXT 2014"]
[Source "ChessBase"]
[SourceDate "2013.11.20"]
[SourceVersion "1"]
[SourceVersionDate "2013.11.20"]
[SourceQuality "1"]

1. e4 d5 2. exd5 Qxd5 3. Nc3 Qa5 4. d4 Nf6 5. Nf3 Bg4 6. h3 Bh5 7. g4 Bg6 8. Ne5 Nbd7 9. Nxg6 hxg6 10. Bg2 c6 11. Qd3 e6 12. Bd2 Bd6 13. a3 Qc7 14. 0-0-0 0-0-0 15. Ne2 Kb8 16. b4 Nd5 17. Qf3 N7b6 18. Qd3 g5 19. Bxg5 f6 20. Bxd5 Nxd5 21. Bd2 g5 22. c4 Nf4 23. Nxf4 Bxf4 24. Bxf4 gxf4 25. Qe4 Rde8 26. f3 e5 27. h4 exd4 28. Qxd4 Qe5 29. Qxe5+ Rxe5 30. Kc2 Re3 31. Rd3 Re2+ 32. Kc3 Kc7 33. h5 Ra2 34. Kb3 Re2 35. h6 Re7 36. Kc3 b6 37. Kd2 a6 38. a4 Re5 39. h7 Re7 40. Rd4 Rexh7 41. Rxh7+ Rxh7 42. Rxf4 Rh6 43. Kd3 Kd6 44. b5 a5 45. Rd4+ Kc5 46. bxc6 Kxc6 47. Ke4 Kc5 48. Rd5+ Kxc4 49. Rb5 Kc3 50. Rxb6 f5+ 51. Kxf5 Rxb6 52. g5 Kb4 53. g6 Kxa4 54. g7 Rb8 55. Kg6 Kb3 56. f4 a4 57. f5 a3 58. f6 a2 59. f7 a1Q 60. f8Q Qg1+ 61. Kh7 Qh2+ 62. Kg8 Qg3 63. Qxb8+ Qxb8+ 64. Kf7 Qc7+ 65. Kf8 Qd8+ 66. Kf7 Qd5+ 67. Kf8 Qf5+ 68. Ke7 Qg6 69. Kf8 Qh6 70. Kf7 Qh7 71. Kf8 Qf5+ 72. Ke7 Qg5+ 73. Kf7 Qd5+ 74. Kf8 Qd6+ 75. Kf7 Qd7+ 76. Kf8 Qf5+ 77. Ke7 Qg6 78. Kf8 Qf6+ 79. Kg8 Kc4 80. Kh7 Qh4+ 81. Kg6 Qg4+ 82. Kf7 Qf5+ 83. Ke8 Qg6+ 84. Kf8 Qf6+ 85. Kg8 Kd5 86. Kh7 Qh4+ 87. Kg6 Qg4+ 88. Kf7 Qe6+ 89. Kf8 Qf6+ 90. Kg8 Ke6 91. Kh7 Qh4+ 92. Kg6 Qg4+ 93. Kh7 Kf7 0-1